Scénarios d'avenir : Futurs possibles du climat et de la technologie (notice n° 1983290)
[ vue normale ]
| 000 -LEADER | |
|---|---|
| fixed length control field | 01670cam a2200157 4500500 |
| 005 - DATE AND TIME OF LATEST TRANSACTION | |
| control field | 20260329043134.0 |
| 041 ## - LANGUAGE CODE | |
| Language code of text/sound track or separate title | fre |
| 042 ## - AUTHENTICATION CODE | |
| Authentication code | dc |
| 100 10 - MAIN ENTRY--PERSONAL NAME | |
| Personal name | Guillaume, Bertrand |
| Relator term | author |
| 245 00 - TITLE STATEMENT | |
| Title | Scénarios d'avenir : Futurs possibles du climat et de la technologie |
| 260 ## - PUBLICATION, DISTRIBUTION, ETC. | |
| Name of publisher, distributor, etc. | Armand Colin,<br/> |
| Date of publication, distribution, etc. | 2012.<br/> |
| 520 ## - SUMMARY, ETC. | |
| Summary, etc. | N’en déplaise à quelques « climato-sceptiques » isolés, l’écrasante majorité des scientifiques s’accorde sur la réalité du réchauffement climatique. L’heure n’est plus aux doutes : il faut combattre le mal. Mais comment ? Les scénarios divergent. Certains militent de longue date pour la conclusion d’un accord mondial, juridiquement contraignant, sur la réduction des émissions de gaz à effet de serre. D’autres balayent cette option d’un revers de main. Il serait trop tard selon eux – ou trop coûteux – pour compter sur la simple réduction des émissions afin d’atténuer les bouleversements qui nous attendent. Leur solution ? Provoquer un refroidissement artificiel à l’échelle du globe, en saupoudrant, par exemple, l’atmosphère de particules de sulfates. Comme le montrent les auteurs, si ces options de « géoingénierie » sont parfois crédibles, elles portent en elles de lourdes menaces climatiques, environnementales et géopolitiques. Elles permettraient aussi à quelques entreprises de réaliser, sur la planète, la plus gigantesque OPA de tous les temps. |
| 700 10 - ADDED ENTRY--PERSONAL NAME | |
| Personal name | de Tannenberg, Valéry Laramée |
| Relator term | author |
| 700 10 - ADDED ENTRY--PERSONAL NAME | |
| Personal name | Laramée de Tannenberg, Valéry |
| Relator term | author |
| 856 41 - ELECTRONIC LOCATION AND ACCESS | |
| Uniform Resource Identifier | <a href="https://shs.cairn.info/scenarios-davenir--9782200248512?lang=fr&redirect-ssocas=7080">https://shs.cairn.info/scenarios-davenir--9782200248512?lang=fr&redirect-ssocas=7080</a> |
Pas d'exemplaire disponible.




Réseaux sociaux